000 01071cas a2200289 a 4500
008
020 _a0853692556 (pbk.)
049 _aMAIN
090 _aRS125
_bBRI
245 0 _aBritish national formulary :
_bnumber 25 /
_cBritish Medical AssociationPharmaceutical Society of Great Britain [and]Joint Formulary Committee 1992-1993.
260 _aLondon :
_bBritish Medical Association :
_bPharmaceutical Society of Great Britain,
_c1993.
300 _avii, 662p.
_c22 cm.
500 _aIncludes index.
650 0 _aMedicine
_xFormulae, receipts, prescriptions.
650 0 _aPharmacology.
650 0 _aDrugs
_zGreat Britain.
650 2 _aFormularies
_zGreat Britain.
700 _aJoint Formulary Committee 1992-1993.
710 2 _aBritish Medical Association.
710 2 _aPharmaceutical Society of Great Britain.
710 2 _aRoyal Pharmaceutical Society of Great Britain.
907 _a.b10340841
_b08-04-14
_c04-04-14
003
005 20230120204135.0
040 _cNUST
942 _cBOOKS
_kRS125
_mBRI
999 _c117866
_d117866